000 00720nam a22001937a 4500
005 2010072600310.0
010 _aENG-97042
020 _a9788188965553
_c225.00
035 _aEN-80575
037 _bDBAD/PUB
082 _a333.8232
100 _aVandana Shiva
_92441
245 _aSoil not oil:
_bclimate change, peak oil, and food insecurity /
_cby Vandana Shiva
260 _aNew Delhi
_bWomen Unlimited
_c2008
270 _aK-36, Hauz Khas Enclave, Ground Floor
_bNew Delhi
_e110016
300 _a156p.
_c22cm. (pbk)
942 _2ddc
_cEN
_h333.8232
_mSHI
999 _c37682
_d37682